|
|
|
|
| LEADER |
01475cam a2200325 7i4500 |
| 001 |
0000052146 |
| 005 |
20190219090000.0 |
| 020 |
|
|
|a 9789673741755 (pbk.)
|
| 090 |
0 |
0 |
|a LB1779
|b .S35 2013
|
| 100 |
0 |
|
|a Syed Ismail Syed Mustapa
|
| 245 |
1 |
0 |
|a Asas kepimpinan & perkembangan professional
|c Syed Ismail bin Syed Mustapa, Ahmad Subki bin Miskon.
|
| 246 |
3 |
|
|a Asas kepimpinan dan perkembangan professional.
|
| 260 |
|
|
|a Puchong, Selangor:
|b Penerbitan Multimedia Sdn. Bhd.,
|c 2013.
|
| 300 |
|
|
|a viii, 413 p.:
|b ill.;
|c 22 cm.
|
| 490 |
0 |
|
|a Siri pengajian professional
|
| 650 |
0 |
0 |
|a Teachers --
|x Professional relationships
|
| 650 |
0 |
0 |
|a Teachers --
|x Professional ethics
|
| 650 |
0 |
0 |
|a Educational leadership
|
| 700 |
0 |
|
|a Ahmad Subki Miskon
|
| 997 |
|
|
|a Centre for Foundation and General Studies
|
| 999 |
|
|
|a 0000064480
|b BOK
|c OPEN SHELF
|e 1st Floor, Bestari Jaya
|
| 999 |
|
|
|a 0000064481
|b BOK
|c OPEN SHELF
|e 1st Floor, Bestari Jaya
|
| 999 |
|
|
|a 0000064482
|b BOK
|c OPEN SHELF
|e 1st Floor, Bestari Jaya
|
| 999 |
|
|
|a 0000064483
|b BOK
|c OPEN SHELF
|e 1st Floor, Bestari Jaya
|
| 999 |
|
|
|a 0000064484
|b BOK
|c OPEN SHELF
|e 1st Floor, Bestari Jaya
|
| 999 |
|
|
|a 0000064485
|b BOK
|c OPEN SHELF
|e 1st Floor, Bestari Jaya
|
| 999 |
|
|
|a 0000064486
|b BOK
|c OPEN SHELF
|e 1st Floor, Bestari Jaya
|
| 999 |
|
|
|a 0000064487
|b BOK
|c OPEN SHELF
|e 1st Floor, Bestari Jaya
|
| 999 |
|
|
|a 0000064488
|b BOK
|c OPEN SHELF
|e 1st Floor, Bestari Jaya
|
| 999 |
|
|
|a 0000064489
|b BOK
|c OPEN SHELF
|e 1st Floor, Bestari Jaya
|